|
|
|
|
| LEADER |
00000nab a2200000 a 4500 |
| 001 |
vtls000627906 |
| 003 |
SK-MaSNL |
| 005 |
20260318122442.0 |
| 008 |
160314c1997 xo 0 hun |
| 015 |
|
|
|a SNBRB19rr/mm-uuuuu
|
| 035 |
|
|
|a CL0628045
|
| 040 |
|
|
|a SNKBUCL
|b slo
|c SNKBUCL
|e AACR2
|
| 041 |
0 |
|
|a slo
|
| 044 |
|
|
|a xo
|c SK
|
| 080 |
|
|
|a 82:929:894.511 (498)
|2 1981
|
| 080 |
|
|
|a 894.511 (498)
|2 1981
|
| 080 |
|
|
|a 929 Sütő, András
|2 1981
|
| 100 |
1 |
|
|a Sütő, András,
|d 1927-2006
|4 aut
|9 113092
|
| 245 |
1 |
0 |
|a A teremtés örök emberi feladatként válik a költészet részévé
|b Sütő András 70 éves. Irodalomról, gyarmati sorsról, létünk csodáiról, remélt rendes feltámadásunkról
|c András Sütő, Mihály András Beke ; Fotogr. Jenő Görföl
|
| 300 |
|
|
|b Fotogr. 1
|
| 600 |
1 |
7 |
|a Sütő, András,
|d 1927-2006
|2 snkbucl
|9 113092
|
| 650 |
0 |
7 |
|a Sütő, András
|2 snkbucl
|9 902913
|
| 700 |
1 |
|
|a Beke, Mihály András,
|d 1956-
|4 aut
|9 13017
|
| 700 |
1 |
|
|a Görföl, Jenő,
|d 1951-
|4 fot
|9 107895
|
| 773 |
0 |
|
|t Szabad újság
|g Roč. 5, č. 24 (1997), s. 11
|
| 850 |
|
|
|a Slovenská národná knižnica v Martine
|a DSG001
|
| 852 |
|
|
|a SNK
|b KIS3GCP
|
| 958 |
|
|
|a HU
|
| 958 |
|
|
|a LX
|
| 958 |
|
|
|a BC
|
| 958 |
|
|
|a RO
|
| 958 |
|
|
|a NX
|
| 958 |
|
|
|a RK
|
| 958 |
|
|
|a RBX
|
| 999 |
|
|
|c 3115367
|d 3117297
|